Status giuridico e orientamento sessuale : la condizione giuridica dell'omosessualità dalla sanzione, alla liberazione, alla dignità /

Guardat en:
Dades bibliogràfiques
Autor principal: Ferrari, Daniele, (1984- )
Format: Llibre
Idioma:italià
Publicat: Padova : Primiceri, 2015
Etiquetes: Afegir etiqueta
Sense etiquetes, Sigues el primer a etiquetar aquest registre!

MARC

LEADER 00000nam a22000007i 4500
001 IT\ICCU\RAV\2037157
003 ItRI
005 20260115232205.0
008 160205s2015 it |||||| ||||| |||||c
020 |a 9788898212750 
040 |b ita  |c importazione bologna sebina 
041 7 |a ita  |2 ISO-639-2 
100 1 |a Ferrari, Daniele,  |d  (1984- )  |0 IT\ICCU\UBOV\340044 
245 1 0 |a Status giuridico e orientamento sessuale :  |b la condizione giuridica dell'omosessualità dalla sanzione, alla liberazione, alla dignità /  |c Daniele Ferrari ; prefazione di Lara Trucco. 
260 |a Padova :  |b Primiceri,  |c 2015 
300 |a 234 p. ;  |c 21 cm. 
942 |2 ddc  |c BK  |n 0 
952 |0 0  |1 0  |4 0  |6 DOC_323_326000000000000_FER  |7 0  |9 21670  |a BO  |b BO  |d 2026-01-15  |i 18759  |l 0  |o DOC 323.326 FER  |p BO18759  |r 2026-01-15 23:22:05  |w 2026-01-15  |x [Sebina 5] [1 v.]  |y BK  |z 1 v. 
999 |c 18508  |d 18508